<?xml version="1.0" encoding="UTF-8"?>
<marc:record xmlns:marc="http://www.loc.gov/MARC21/slim">
   <marc:leader>00000nam a2200000 a 4500</marc:leader>
   <marc:datafield ind1="1" ind2=" " tag="100">
      <marc:subfield code="a">Billisich, Eva</marc:subfield>
      <marc:subfield code="4">aut</marc:subfield>
      <marc:subfield code="e">Verfasser/-in</marc:subfield>
   </marc:datafield>
   <marc:datafield ind1="1" ind2=" " tag="100">
      <marc:subfield code="a">Kellner, Picco</marc:subfield>
      <marc:subfield code="4">aut</marc:subfield>
      <marc:subfield code="e">Verfasser/-in</marc:subfield>
   </marc:datafield>
   <marc:datafield ind1="0" ind2="0" tag="245">
      <marc:subfield code="a">Wedel &amp; Krebsenspeck</marc:subfield>
   </marc:datafield>
   <marc:datafield ind1="0" ind2="0" tag="245">
      <marc:subfield code="c">Billisich, Eva</marc:subfield>
   </marc:datafield>
   <marc:datafield ind1=" " ind2="1" tag="264">
      <marc:subfield code="a">Wien</marc:subfield>
      <marc:subfield code="b">Dachs-Verl.</marc:subfield>
      <marc:subfield code="c">2001</marc:subfield>
   </marc:datafield>
   <marc:datafield ind1="1" ind2=" " tag="520">
      <marc:subfield code="a">Frau Krebsenspeck sucht einen Untermieter. (ab 8) (JE)      Frau Krebsenspeck wohnt zufrieden in ihrem behaglichen Haus. Eines Tages will sie nicht mehr alleine sein, sie denkt an einen Untermieter. Jedoch! Sie stellt Bedingungen - der Untermieter muss ein ordentlicher, sauberer und fleißiger Bürger sein. Bald meldet sich ein Interessent, aber er entspricht gar nicht den Vorstellungen der Hausfrau. Der Untermieter bringt Chaos in die Räumlichkeiten. Es wird so schlimm, dass es im Haus nicht mehr zum Aushalten ist. - Inhaltlich und illustratorisch ausgesprochen belanglos.  *bn* Gabriele Schiestl</marc:subfield>
   </marc:datafield>
   <marc:datafield ind1=" " ind2=" " tag="020">
      <marc:subfield code="a">9783851912180</marc:subfield>
      <marc:subfield code="9">9783851912180</marc:subfield>
   </marc:datafield>
   <marc:datafield ind1=" " ind2=" " tag="020">
      <marc:subfield code="a">3851912187</marc:subfield>
      <marc:subfield code="9">3851912187</marc:subfield>
   </marc:datafield>
   <marc:datafield ind1=" " ind2=" " tag="041">
      <marc:subfield code="a">ger</marc:subfield>
   </marc:datafield>
   <marc:datafield ind1=" " ind2=" " tag="338">
      <marc:subfield code="a">Band</marc:subfield>
   </marc:datafield>
   <marc:datafield ind1=" " ind2=" " tag="300">
      <marc:subfield code="a">21 S. : Ill. (farb.)</marc:subfield>
   </marc:datafield>
</marc:record>
